Сборник задач по физике (с решениями): учебное пособие

التفاصيل البيبلوغرافية
اللغة:الروسية
منشور في: Томск, Изд-во ТПУ, 2010
التنسيق: كتاب
KOHA link:https://koha.lib.tpu.ru/cgi-bin/koha/opac-detail.pl?biblionumber=180152

MARC

LEADER 00000nam1a2200000 4500
001 180152
005 20250628120701.0
035 |a (RuTPU)RU\TPU\book\195300 
090 |a 180152 
100 |a 20100510d2010 k y0rusy50 ca 
101 0 |a rus 
102 |a RU 
181 0 |a i  
182 0 |a b 
200 1 |a Сборник задач по физике (с решениями)  |e учебное пособие  |f С. И. Кузнецов, Т. Н. Мельникова, Е. Н. Степанова  |g Национальный исследовательский Томский политехнический университет (НИ ТПУ) 
203 |a Текст  |c электронный 
210 |a Томск  |c Изд-во ТПУ  |d 2010 
801 1 |a RU  |b 63413507  |c 20100510 
801 2 |a RU  |b 63413507  |c 20150907  |g RCR 
850 |a 63413507 
942 |c CF